000 00425nam a2200181Ia 4500
008 090124s9999 xx 000 0 und d
082 _b114486
100 _aआंगले ह.पै.
245 _a दंश
250 _a1
260 _c1972
300 _a61
600 _aआंगले ह.पै.
630 _a दंश
700 _aआंगले ह.पै.
730 _a दंश
942 _cBOOK
999 _c160577
_d160577